Cleveland : continuing the renaissance /
Saved in:
| Main Author: | |
|---|---|
| Other Authors: | , |
| Format: | Book |
| Language: | English |
| Published: |
Memphis, TN :
Towery Pub.,
c1997.
|
| Series: | Urban tapestry series.
|
| Subjects: | |
| Tags: |
Add Tag
No Tags, Be the first to tag this record!
|
| LEADER | 01045pam a2200313 a 4500 | ||
|---|---|---|---|
| 001 | 007797872-2 | ||
| 005 | 20020606104010.5 | ||
| 008 | 970409s1997 tnua 001 0 eng | ||
| 010 | |a 97016307 | ||
| 020 | |a 1881096424 (alk. paper) | ||
| 035 | 0 | |a ocm36767791 | |
| 040 | |a DLC |c DLC |d DLC | ||
| 043 | |a n-us-oh | ||
| 050 | 0 | 0 | |a F499.C65 |b G75 1997 |
| 082 | 0 | 0 | |a 977.1/32 |2 21 |
| 100 | 1 | |a Griffith, Fred. | |
| 245 | 1 | 0 | |a Cleveland : |b continuing the renaissance / |c by Fred Griffith and Barney Taxel ; profiles in excellence and captions by Larry Budd ; art direction by Sandra Carter. |
| 260 | |a Memphis, TN : |b Towery Pub., |c c1997. | ||
| 300 | |a 429 p. : |b ill. (some col.) ; |c 31 cm. | ||
| 490 | 1 | |a Urban tapestry series | |
| 500 | |a Includes index. | ||
| 650 | 0 | |a Business enterprises |z Ohio |z Cleveland. | |
| 651 | 0 | |a Cleveland (Ohio) |x Civilization. | |
| 651 | 0 | |a Cleveland (Ohio) |x Pictorial works. | |
| 700 | 1 | |a Taxel, Barney, |d 1949- | |
| 700 | 1 | |a Budd, Larry, |d 1958- | |
| 830 | 0 | |a Urban tapestry series. | |
| 988 | |a 20020608 | ||
| 906 | |0 DLC | ||


